01038nam a2200193Ia 4500008005200000020001500052082001500067100001900082245002600101250000800127260006000135300002000195504050400215650002300719650002300742650002300765650002800788700002800816200103s 1984 ||||xx |||||||||||||| ||und|| a007Y85811X a620.1bTIM aTimoshenko, S. 0aEngineering mechanics a4th bMcGraw-Hill International Book Companyc1984aNew Delhi ax, 536 p.: ill. aTable of Contents Part 1. Statics Concurrent forces in a plane Parallel forces in a plane General case of forces in a plane Force systems in space Principle of virtual work Part 2. Dynamics Rectilinear translation Curvilinear translation Rotation of a rigid body about a fixed axis Plane motion of a rigid body Relative motion Appendix 1. Moments of inertia of plane figures Appendix 2. Moments of inertia of material bodies Appendix 3. Forced vibrations Appendix 4. Balancing of rigid rotors Index aMechanics, Applied aStatics - Dynamics aForces and couples aMechanics - Engineering aYoung, D. H.eCo-author